00877nam a2200229 a 450000100100000000500170001000800410002702000150006804000250008308200200010810000350012824500910016326000500025430000200030450400490032450000620037365000300043565000320046504900090049795201240050699900170063000002455920200930023234.0110131s1995 ck r 000 p spa d a9589562779 aDO-SdBNPbspacBNPHU aCo861.44bP438d1 aPérez López, Rafael95034810aDécimas :bla chamaría, ave canora, trinar del amanecer /cRafael Pérez López. aMontería, (Colombia) :bDomus Libri,c1995. a95 p. ;c21 cm. aIncluye referencias bibliográficas (p. 12) aIncluye datos del autor en la solapa de la contracubierta 4aPoesía colombiana93742 4aLiteratura colombiana91244 aBNGR 001054708MOaGRbGRcCTd2011-01-31iLF1l0oCo861.44 P438dp24559-10r2020-06-25w2020-06-25y4ZPréstamo en sala c24052d24052